Ensayo de lógica modal

Guardat en:
Dades bibliogràfiques
Autor principal: Wright, Georg Henrik von (Autor)
Format: Llibre
Idioma:espanyol
Publicat: Buenos Aires Santiago Rueda 1970
Matèries:
Etiquetes: Afegir etiqueta
Sense etiquetes, Sigues el primer a etiquetar aquest registre!

MARC

LEADER 00000nam a2200000 a 4500
001 UCX3535
003 CL-VaPUC
008 911113e19700000AG |||||||||||||||||spa|d
082 0 4 |a 160  |b WRI  |2 21 
100 |a Wright, Georg Henrik von  |e author  |9 395136 
245 1 0 |a Ensayo de lógica modal 
300 |a 130 p 
942 |c BK 
945 |d 19911113 00:00:00 
260 |a Buenos Aires  |b Santiago Rueda  |c 1970 
650 0 |a Lógica  |9 256849 
583 |a last modification  |c 19911113 00:00:00  |k Rodrigo Vera 
999 |c 224267  |d 224265 
952 |0 0  |1 0  |4 0  |6 160_000000000000000_WRI_1970  |7 0  |8 A  |9 220795  |a BIBEDU  |b BIBEDU  |d 2019-11-15  |i 2895331  |o 160 WRI 1970  |p 2895331  |r 2019-11-15  |w 2019-11-15  |y BK  |k FIL